| 000 | 00903nam a2200253Ia 4500 | ||
|---|---|---|---|
| 003 | OSt | ||
| 005 | 20220923222133.0 | ||
| 006 | a|||||r|||| 00| 0 | ||
| 007 | ta | ||
| 008 | 220922b |||||||| |||| 00| 0 ben d | ||
| 024 | _a203,309 | ||
| 037 | _cTextual | ||
| 040 |
_aARTS _cARTS _bben |
||
| 041 |
_2ben _aben |
||
| 082 | _aO157,3N09,26, 152M6 | ||
| 100 |
_aआशापूर्णा देवी; खरे, ममता, अनु. _9166085 |
||
| 245 | 0 | _aमाटी का रंग और | |
| 246 | _aMāṭī kā ranga aura | ||
| 260 |
_aइलाहाबाद _b रवीन्द्र प्रका0 _c1986 |
||
| 300 |
_a155पृ0 _ccm. |
||
| 650 |
_aबंगाली साहित्य _9156264 |
||
| 942 |
_hO157,3N09,26, 152M6 _cTEXL _2CC |
||
| 999 |
_c354061 _d354061 |
||